El Proceso de Contadora y propuestas: ¿la crisis de Centroamérica, una alternativa viable? /
El Grupo de Contadora busca la forma de interpretar la crisis centroamericana y busca darle una solución a ésta a través de esfuerzos diplomáticos. Propone las negociaciones como la clave a la solución de la crisis e insiste en que éstas deben darse fundamentalmente a través de los países afectados...
Guardado en:
| Hovedforfatter: | |
|---|---|
| Format: | Texto |
| Fag: | |
| Tags: |
Tilføj Tag
Ingen Tags, Vær først til at tagge denne postø!
|
MARC
| LEADER | 00000 a a2200000 04500 | ||
|---|---|---|---|
| 001 | 13943 | ||
| 003 | |||
| 040 | |||
| 100 | |a Rico Ferrat, Carlos M. | ||
| 245 | |a El Proceso de Contadora y propuestas: |b ¿la crisis de Centroamérica, una alternativa viable? / |c Carlos M. Rico Ferrat | ||
| 520 | |a El Grupo de Contadora busca la forma de interpretar la crisis centroamericana y busca darle una solución a ésta a través de esfuerzos diplomáticos. Propone las negociaciones como la clave a la solución de la crisis e insiste en que éstas deben darse fundamentalmente a través de los países afectados sin la intervención de ninguna de las potencias. Contadora identifica el problema como un conflicto regional, como objetivos principales este grupo se encuentran: evitar la guerra y la presencia de regímenes revolucionarios militares en el área. En el nivel diplomático sobresalen dos opciones: negociación directa entre Washington y Managua o impulsar las negociaciones bilaterales entre Managua y Tegucigalpa. Sin embargo Contadora aún no ha logrado un verdadero éxito, debido a que se debe enfrentar en forma directa los intereses de los Estados Unidos, el cual pretende preservar su dominación y hegemonía sobre la región. OB/JM | ||
| 650 | |a CRISIS ESTRUCTURAL | ||
| 650 | |a PROBLEMAS POLITICOS | ||
| 650 | |a PROBLEMAS SOCIALES | ||
| 650 | |a INTERVENCION EXTRANJERA | ||
| 650 | |a GRUPO DE CONTADORA | ||
| 650 | |a MILITARISMO | ||
| 650 | |a GUERRA CIVIL | ||
| 650 | |a IDEOLOGIAS POLITICAS | ||
| 650 | |a DEMOCRATIZACION | ||
| 650 | |a RECESION ECONOMICA | ||
| 773 | |g número 8 -9; páginas 15-22 | ||
| 999 | |c 33980 |d 33980 | ||
| 773 | 0 | |0 42998 |9 4676 |a Universidad Nacional de Costa Rica. |d Heredia, Costa Rica: Universidad Nacional. Escuela de Relaciones Internacionales |o MFN: 0798 |t Relaciones Internacionales/ |x 10180583 | |
